00344nam a2200109Ia 4500008004100000245011200041260003500153260000900188300001000197500001100207650001600218170224s9999 xx 000 0 und d aStructural coherence and temporal stability of psychopathic personality features during emerging adulthood. bJournal of Abnormal Psychology c2014 a123:3 aAugust xPsychology.